000 00829nam a22002777a 4500
003 CHAP
005 20220329135232.0
008 971013s1947 r 00010 d
010 _a33061
011 _a34033
035 _a38149
040 _cCHAP
082 _a310
_bL6
100 0 0 _aLoyo, Gilberto.
_968703
245 _aEvolución de la definición de estadística
260 _aMéxico :
_bDirección General de Estadística,
_c1947
300 _a76 p.
590 _aBATCH-UPD
_b10
_c20130110
_lUCH01
_h1625
590 _aBATCH-UPD
_b10
_c20130410
_lUCH01
_h1019
590 _aBATCH-UPD
_b10
_c20130914
_lUCH01
_h1323
590 _aCONVERSION
_b10
_c20130109
_lUCH01
_h1319
650 1 4 _aEstadística
_xHistoria.
_938250
901 _aBK
942 _cLIBRO
949 _a310 L6
_bBC
_cLIBRO
_d33724000297354
_eLIBRO
_h781
_i38149
_si
999 _c33061
_d33061